Injil-E-muqaddas (naya Ahad Nama) Roman Urdu (Record no. 5904)

MARC details
000 -LEADER
fixed length control field 00648nam a2200241 a 4500
020 ## - INTERNATIONAL STANDARD BOOK NUMBER
ISBN
082 00 - DEWEY DECIMAL CLASSIFICATION NUMBER
Classification number 220.591439
Author Cutter BRI
100 ## - MAIN ENTRY--AUTHOR NAME
Author name British And Foreign, Bible Society
245 ## - TITLE STATEMENT
Title Injil-E-muqaddas (naya Ahad Nama) Roman Urdu
260 ## - PUBLICATION, DISTRIBUTION, ETC. (IMPRINT)
Place of publication London
Name of publisher British and Foreign Bible Society
Year of publication 1906
300 ## - PHYSICAL DESCRIPTION
Number of Pages 373p
500 ## - GENERAL NOTE
General note includes index and biblioraphy
505 2# - FORMATTED CONTENTS NOTE
Formatted contents note Maps
650 ## - SUBJECT ADDED ENTRY--TOPICAL TERM
Topical Term Bible-Urdu-Roman
942 ## - ADDED ENTRY ELEMENTS (KOHA)
Koha item type Books
700 1# -
-- British And Foreign, Bible Society
Holdings
Home library Current library Date acquired Cost, normal purchase price Full call number Accession Number Koha item type
Henry Martyn Institute Library Henry Martyn Institute Library 04/11/2018 100.00 220.591439 BIB 5762 Archive Book
Henry Martyn Institute Library Henry Martyn Institute Library 04/11/2018 100.00 220.591439 BIB 06359 Books
                   Copyright © 2026 | Henry Martyn Institute | Hyderabad | TS-500052 | INDIA | Implemented by hmi.edu.in
Hit-Count:

Powered by Koha